Őszinte szóval, frázisok nélkül a textilüzemek termelési agitációjáról /
Elmentve itt :
| Szerző: | |
|---|---|
| Dokumentumtípus: | Cikk |
| Megjelent: |
1963-05-19
|
| Sorozat: | Délmagyarország
53 No. 115 |
| Kulcsszavak: | Textilművek, Textilipar Szeged 1963, Munkaverseny Szeged 1963 |
| Online Access: | http://dmarchiv.bibl.u-szeged.hu/67023 |
| LEADER | 00543nab a2200157 i 4500 | ||
|---|---|---|---|
| 001 | delm67023 | ||
| 005 | 20180927153758.0 | ||
| 008 | 180927s1963 hu o 0|| hun d | ||
| 040 | |a SZTE Délmagyarország Archívum |b hun | ||
| 041 | |a hun | ||
| 100 | 1 | |a Nagy Pál | |
| 245 | 1 | 0 | |a Őszinte szóval, frázisok nélkül |h [elektronikus dokumentum] : |b a textilüzemek termelési agitációjáról / |c Nagy Pál |
| 260 | |c 1963-05-19 | ||
| 300 | |a 3 | ||
| 490 | 0 | |a Délmagyarország |v 53 No. 115 | |
| 695 | |a Textilművek, Textilipar Szeged 1963, Munkaverseny Szeged 1963 | ||